[Event "Vancouver op"]
[Site "Chess.com INT"]
[Date "2020.07.26"]
[Round "?"]
[White "Devaraju, Sonia"]
[Black "Ramkumar, Aditya"]
[Result "1/2-1/2"]
[WhiteElo "1543"]
[BlackElo "1452"]
[PlyCount "116"]
[EventDate "2020.07.25"]
[EventType "swiss"]
[EventRounds "5"]
[EventCountry "USA"]
[SourceTitle "EXT 2023"]
[Source "ChessBase"]
[SourceDate "2022.10.05"]
[SourceVersion "1"]
[SourceVersionDate "2022.10.05"]
[SourceQuality "1"]

1. e4 c5 2. Nf3 d6 3. Bb5+ Bd7 4. Bxd7+ Qxd7 5. 0-0 Nc6 6. c3 Nf6 7. Re1 g6 8. d4 cxd4 9. cxd4 Bg7 10. Nc3 0-0 11. Bf4 Nh5 12. Be3 Rad8 13. d5 Na5 14. Bxa7 Nc4 15. Bd4 Nxb2 16. Qe2 Na4 17. Bxg7 Kxg7 18. Nxa4 Qxa4 19. Qb2+ Nf6 20. Qxb7 Rfe8 21. Qb1 Rb8 22. Qd3 Rb4 23. e5 dxe5 24. Rxe5 Ng4 25. Ree1 Rc4 26. d6 Rd8 27. Rxe7 Qc6 28. Rd1 Rc3 29. Qd4+ Nf6 30. Ne5 Qxd6 31. Qxd6 Rxd6 32. Ra1 Re6 33. Rxf7+ Kg8 34. f4 Rxe5 35. Rxf6 Ra5 36. Rb6 Rc2 37. a4 Rc4 38. g3 Rcxa4 39. Rxa4 Rxa4 40. Rb5 Kg7 41. Kg2 Ra3 42. Kh3 Ra2 43. Rb7+ Kg8 44. g4 Ra5 45. Rb4 h5 46. gxh5 Rxh5+ 47. Kg3 Kf7 48. h4 Kf6 49. Kg4 Kg7 50. Rb2 Rc5 51. Rf2 Kh6 52. Rf3 Rc4 53. Rh3 Rc5 54. Rf3 Rf5 55. Rb3 Rc5 56. Rb7 Rc4 57. Rf7 Rc5 58. f5 Rxf5 1/2-1/2

[Event "Vancouver op"]
[Site "Chess.com INT"]
[Date "2020.07.25"]
[Round "?"]
[White "Ramkumar, Aditya"]
[Black "Vega, Isaac"]
[Result "0-1"]
[WhiteElo "1452"]
[BlackElo "1972"]
[PlyCount "80"]
[EventDate "2020.07.25"]
[EventType "swiss"]
[EventRounds "5"]
[EventCountry "USA"]
[SourceTitle "EXT 2023"]
[Source "ChessBase"]
[SourceDate "2022.10.05"]
[SourceVersion "1"]
[SourceVersionDate "2022.10.05"]
[SourceQuality "1"]

1. Nf3 Nf6 2. g3 g6 3. Bg2 Bg7 4. d4 0-0 5. 0-0 d6 6. c4 Nbd7 7. Nc3 e5 8. e4 c6 9. d5 cxd5 10. cxd5 Nc5 11. Qc2 a5 12. h3 b6 13. Be3 Nfd7 14. Nh4 Ba6 15. Rfd1 b5 16. Rac1 Rc8 17. Bxc5 Rxc5 18. Qd2 Nb6 19. Bf1 Nc4 20. Bxc4 Rxc4 21. Nf3 b4 22. Na4 Rxe4 23. Re1 Rxe1+ 24. Nxe1 Bb5 25. Qc2 Bh6 26. Rd1 e4 27. b3 f5 28. Nb2 e3 29. Ned3 f4 30. Nxf4 Bxf4 31. gxf4 e2 32. Re1 Rxf4 33. Nd3 Qg5+ 34. Kh1 Qxd5+ 35. Kh2 Bxd3 36. Qc8+ Rf8 37. Qg4 Rxf2+ 38. Kg1 Rf1+ 39. Kh2 Qh1+ 40. Kg3 Qg1+ 0-1

[Event "PNWCC Online blitz JP 8th"]
[Site "Chess.com INT"]
[Date "2020.05.02"]
[Round "10"]
[White "Modi, Ethan"]
[Black "Ramkumar, Aditya"]
[Result "1-0"]
[WhiteElo "1786"]
[BlackElo "1343"]
[PlyCount "65"]
[EventDate "2020.05.02"]
[EventType "swiss (blitz)"]
[EventRounds "11"]
[EventCountry "USA"]
[SourceTitle "CBM 195 Extra"]
[Source "ChessBase"]
[SourceDate "2020.05.31"]
[SourceVersion "1"]
[SourceVersionDate "2020.05.31"]
[SourceQuality "1"]

1. e4 c5 2. Nf3 d6 3. d4 cxd4 4. Nxd4 Nf6 5. Nc3 a6 6. g3 e5 7. Nde2 Be6 8. Bg2 Be7 9. 0-0 Nc6 10. h3 0-0 11. g4 Qc7 12. g5 Nd7 13. Nd5 Bxd5 14. exd5 Nd8 15. Ng3 f6 16. Nf5 Nc5 17. b4 Na4 18. c4 fxg5 19. Nxe7+ Qxe7 20. Qxa4 h6 21. Be3 Nf7 22. c5 dxc5 23. bxc5 Rac8 24. d6 Qe6 25. Qb3 Qf6 26. Bxb7 Rb8 27. Qb6 Nd8 28. c6 Qxd6 29. Bc5 Qd3 30. Bxf8 Qxh3 31. Qb3+ Qxb3 32. axb3 Kxf8 33. c7 1-0

[Event "PNWCC Online blitz JP 8th"]
[Site "Chess.com INT"]
[Date "2020.05.02"]
[Round "11"]
[White "Ramkumar, Aditya"]
[Black "Tian, Eddy"]
[Result "1-0"]
[WhiteElo "1343"]
[BlackElo "2204"]
[PlyCount "51"]
[EventDate "2020.05.02"]
[EventType "swiss (blitz)"]
[EventRounds "11"]
[EventCountry "USA"]
[SourceTitle "CBM 195 Extra"]
[Source "ChessBase"]
[SourceDate "2020.05.31"]
[SourceVersion "1"]
[SourceVersionDate "2020.05.31"]
[SourceQuality "1"]

1. d4 f6 2. e4 e6 3. Nf3 Ne7 4. Bd3 Nbc6 5. 0-0 Ng6 6. Nc3 Be7 7. d5 Nce5 8. Nxe5 Nxe5 9. Qh5+ Kf8 10. Be2 d6 11. f4 Ng6 12. dxe6 Qe8 13. f5 Ne5 14. Qh4 b6 15. Bf4 Bb7 16. Rae1 Rd8 17. b3 a5 18. Nd5 Bxd5 19. exd5 c5 20. c4 h6 21. Bxe5 fxe5 22. f6 Bxf6 23. Rxf6+ gxf6 24. Qxf6+ Kg8 25. Bh5 Qf8 26. Bf7+ 1-0

[Event "PNWCC Online blitz JP 8th"]
[Site "Chess.com INT"]
[Date "2020.05.02"]
[Round "5"]
[White "Sairam, Pranav"]
[Black "Ramkumar, Aditya"]
[Result "1-0"]
[WhiteElo "1810"]
[BlackElo "1343"]
[PlyCount "119"]
[EventDate "2020.05.02"]
[EventType "swiss (blitz)"]
[EventRounds "11"]
[EventCountry "USA"]
[SourceTitle "CBM 195 Extra"]
[Source "ChessBase"]
[SourceDate "2020.05.31"]
[SourceVersion "1"]
[SourceVersionDate "2020.05.31"]
[SourceQuality "1"]

1. e4 c5 2. Nf3 d6 3. d4 cxd4 4. Nxd4 Nf6 5. Nc3 a6 6. a4 e5 7. Nb3 Be6 8. Be2 Nbd7 9. a5 Be7 10. Be3 0-0 11. 0-0 Rc8 12. f3 Bxb3 13. cxb3 Nc5 14. b4 Ne6 15. b5 axb5 16. Bxb5 Nc7 17. Bb6 Nd7 18. Nd5 Nxb6 19. axb6 Nxb5 20. Nxe7+ Qxe7 21. Qd5 Nd4 22. Ra7 Rb8 23. Kh1 Rfc8 24. f4 Rc5 25. Qa2 Nc6 26. Ra8 Qd8 27. Rxb8 Qxb8 28. fxe5 Nxe5 29. Qa7 Qxa7 30. bxa7 Ra5 31. Rc1 g6 32. Rc8+ Kg7 33. a8Q Rxa8 34. Rxa8 Kf6 35. Rb8 Kg5 36. Rxb7 Kf4 37. Rb4 Nd3 38. Rd4 Nxb2 39. Rxd6 Kxe4 40. Rd7 f6 41. Rxh7 g5 42. g3 Nd3 43. Kg2 f5 44. Re7+ Ne5 45. Rg7 g4 46. Ra7 Nf3 47. Ra4+ Ke5 48. h4 Ne1+ 49. Kf1 Nd3 50. Ra5+ Ke4 51. h5 Ne5 52. h6 Ng6 53. h7 Kf3 54. Ra6 Nh8 55. Ra8 Nf7 56. Rf8 Kxg3 57. Rxf7 f4 58. h8Q f3 59. Qb8+ Kh3 60. Rh7# 1-0